|
|
|
|
| LEADER |
00000nam a22000007a 4500 |
| 005 |
20200304222459.0 |
| 007 |
cr|||| |||| |
| 008 |
200304s2018 co |||||s|||| 00||0 spa d |
| 020 |
|
|
|a 978-958-9348-83-3
|
| 035 |
|
|
|a 31145
|
| 040 |
|
|
|a vLex
|
| 090 |
|
|
|c 10182
|d 10182
|
| 100 |
1 |
|
|a Bonilla Stuck, Camilo Amador
|
| 245 |
1 |
0 |
|a ¿Cul̀es son los patrones? Asesinatos de Ld̕eres Sociales en el Post Acuerdo
|h [Recurso electrn̤ico] /
|c Camilo Amador Bonilla Stuck, Alberto Yepes, Guillermo Cardona, William Rozo, Diana Sǹchez, Cristina Zuleta, Juan Diego Restrepo
|
| 256 |
|
|
|a Servicio en ln̕ea
|
| 260 |
|
|
|a Bogot:̀
|b Comisin̤ Colombiana de Juristas,
|c 2018
|
| 300 |
|
|
|a 1 recurso electrn̤ico
|
| 506 |
1 |
|
|a Disponible solo en los productos indicados
|d vLex Global
|d vLex Global (Academic Edition, excluding Law Schools)
|d vLex Global (U.S. Academic Edition, Law Schools)
|d vLex Global (U.S. Academic Edition, excluding Law Schools)
|d vLex Global (Academic Edition, Law Schools)
|
| 650 |
0 |
4 |
|a Derecho Internacional
|z Colombia
|
| 700 |
1 |
|
|a Yepes, Alberto
|
| 700 |
1 |
|
|a Cardona, Guillermo
|
| 700 |
1 |
|
|a Rozo, William
|
| 700 |
1 |
|
|a Sǹchez, Diana
|
| 700 |
1 |
|
|a Zuleta, Cristina
|
| 700 |
1 |
|
|a Restrepo, Juan Diego
|
| 740 |
0 |
|
|a vLex Libros (Servicio en ln̕ea)
|
| 856 |
4 |
0 |
|u http://vlex.com/source/cuales-son-patrones-asesinatos-lideres-sociales-post-acuerdo-31145
|z Acceso restringido
|
| 942 |
|
|
|c BOOK
|
| 999 |
0 |
|
|a International right
|